000 00418nam a22001457a 4500
005 20151130120350.0
008 151130b xxu||||| |||| 00| 0 eng d
040 _cPK-LaUMT
082 _aMSC 491.4391
_bFAK-J
100 _aفخرالحق نوری، محمد
245 _aجدید فارسی شاعری
_cمحمد فخر الحق نوری
260 _aلاہور
_bماورا
_c2010
300 _a200 ص
942 _cBK
999 _c79216
_d79216